000 00302 a2200121 4500
001 63708
040 _cAnchieta - Pituba
240 1 0 _a4ª Avaliação - Unidade III - Simulado ENEM
_lpor
245 1 0 _a4ª Avaliação - Unidade III - Simulado ENEM
362 0 _a2017
650 4 _aLinguagem
942 _cBK
999 _c63708
_d63708